Statistiques concernant Les noms de Mammifères par lettres -G

Cliquez ici pour prendre le quiz!

Statistiques générales

  • Ce quiz a été pris 67 fois
  • Le résultat moyen est 9 sur 31

Statistiques - réponses

Réponse% Correct
Giraffe
100%
Gorille
100%
Guépard
97%
Gnou
94%
Grizzly / Grizzli
90%
Gazelle
76%
Gerbille
47%
Glouton
47%
Gibbon
44%
Gerboise
27%
Guanaco
27%
Genette
26%
Gaur / Gayal
19%
Globicéphale
16%
Gélada
10%
Guéréza
10%
Galago
8%
Grison
6%
Grivet
6%
Galidie
5%
Galéopithèque
3%
Goral
3%
Güemal
3%
Gaufre / Géomys
2%
Guib
2%
Géogale
0%
Glossophage
0%
Goundi
0%
Grysbok
0%
Guigna
0%
Gymnure
0%

Distribution des résultats

Percentile par nombre de réponses

% des personnes avec chaque résultat

Votre développement - résultats

Vous n’avez pas pris ce quiz